000 00580nam a2200181Ia 4500
999 _c17566
_d45564
005 20200123092122.0
020 _a9961-79-200-9
037 _aBC_1393 60
040 _aBC-ENSA
_bfre
041 _afre
110 _aOffice national des statistiques. Direction technique chargée des statistiques économiques et du suivi de la conjoncture
_955998
245 _aIndices des prix à la consommation
260 _aAlger
_bONS
_c2003
300 _bill.
_a72 p.
_c30 cm
562 _e01 exemplaire(s)
942 _c09
653 _aPRIX/CONSOMMATION/ALGERIE/EVOLUTION/METHODE STATISTIQUE